Normal view
MARC view
- الاباء والابناء - العلاقات الاسرية
Entry Topical Term
001 - CONTROL NUMBER
- control field: 35756
003 - CONTROL NUMBER IDENTIFIER
- control field: JO-AjAnu
005 - DATE AND TIME OF LATEST TRANSACTION
- control field: 20230606075957.0
008 - FIXED-LENGTH DATA ELEMENTS
- fixed length control field: 230606|| aca||aabn | a|a d
040 ## - CATALOGING SOURCE
- Original cataloging agency: JO-AjAnu
- Transcribing agency: JO-AjAnu
150 ## - HEADING--TOPICAL TERM
- Topical term or geographic name entry element: الاباء والابناء - العلاقات الاسرية
670 ## - SOURCE DATA FOUND
- Source citation: Work cat.: (JO-AjAnu)18360: مكي، عباس / م.مشارك زهير حطب, author 35755, السلطة الابوية والشباب: دراسة ميدانية اجتماعية نفسية حول طبيعة السلطة وتمثلها